• 首页
  • 本馆介绍
  • 公告通知
  • 最新文献
  • 馆藏检索
  • 电子资源
  • 读者导购
  • 参考咨询
  • 我的图书馆
  • 登录
  • 详细信息显示
  • 放入我的书架
  • 预约/预借图书
  • 作者相关作品
  • 分类相关作品
  • 丛书相关作品
  • 出版社相关作品

书目信息

  • 表格格式
  • 工作单格式
  • 卡片格式
题名:
新日本语能力测试备战考场
    
 
作者: 周桂香 , 王健 主编
分册:   N2文法篇
出版信息: 大连   大连理工大学出版社  2014
页数: 303页
开本: 24cm
丛书名:
单 册:
中图分类: H360.41
科图分类:
主题词: 日语--ri yu--语法--水平考试--自学参考资料
电子资源:
ISBN: 978-7-5611-8007-5
000 00998nam 2200253 450
001 340272
005 20150625111001.46
010    @a978-7-5611-8007-5@dCNY35.00
100    @a20140428d2014 em y0chiy50 ea
101 0  @achi@ajpn
102    @aCN@b210000
105    @ay z 000yy
106    @ar
200 1  @a新日本语能力测试备战考场@Axin ri ben yu neng li ce shi bei zhan kao chang@iN2文法篇@f周桂香, 王健主编
210    @a大连@c大连理工大学出版社@d2014
215    @a303页@d24cm
330    @a新日本语能力测试分为词汇、语法、读解、听解四大板块。本书为新日本语能力测试N2文法复习参考资料, 将日语语法条目和表达法分类整理, 帮助考生掌握基本用法, 并将相似语法点整理归纳, 以防混淆其使用方法。最后有多套语法部分的模拟练习题。
333    @a适用于日语学习爱好者及相关读者。
606 0  @a日语@Ari yu@x语法@x水平考试@j自学参考资料
690    @aH360.41@v5
701  0 @a周桂香@Azhou gui xiang@4主编
701  0 @a王健@Awang jian@4主编
801  0 @aCN@b卓展宏图@c20150525
905    @dH360.41@e531@f4
    
    新日本语能力测试备战考场.N2文法篇/周桂香, 王健主编.-大连:大连理工大学出版社,2014
    303页;24cm
    使用对象:适用于日语学习爱好者及相关读者。
    
    ISBN 978-7-5611-8007-5:CNY35.00
    新日本语能力测试分为词汇、语法、读解、听解四大板块。本书为新日本语能力测试N2文法复习参考资料, 将日语语法条目和表达法分类整理, 帮助考生掌握基本用法, 并将相似语法点整理归纳, 以防混淆其使用方法。最后有多套语法部分的模拟练习题。
●
相关链接 在E读中查询图书 在五车中查询图书 在当当中查询图书 在豆瓣中查询图书


正题名:新日本语能力测试备战考场     索取号:H360.41/531         预约/预借

序号 登录号 条形码 馆藏地/架位号 状态 备注
1 865010   208650100   第二样本阅览室/ [索取号:H360.41/531] 在馆    
2 865011   208650119   第四借阅区/ [索取号:H360.41/531] 已借出,限还日期为2026.07.03
借出人:孙佳  
 
3 865012   208650128   第四借阅区/ [索取号:H360.41/531] 在馆    
4 865013   208650137   第四借阅区/ [索取号:H360.41/531] 在馆    
唐山师范学院图书馆 欢迎您!
大连网信软件有限公司© 版权所有